Estructura Industrial Turística (Registro nro. 7155)
[ vista simple ]
| 000 -CABECERA | |
|---|---|
| campo de control de longitud fija | 00568aam a2200217 4500 |
| 005 - FECHA Y HORA DE ACTUALIZACIÓN | |
| campo de control | 20170214122421.0 |
| 008 - LONGITUD FIJA | |
| campo de control de longitud fija | 150814b xxu||||| |||| 00| | spa d |
| 041 ## - IDIOMA | |
| Código de idioma del texto/pista de sonido o título separado | |
| 082 ## - CLASIFICACIÓN DECIMAL DEWEY | |
| Número de clasificación | 1.0.54 P893o |
| 100 ## - AUTOR PERSONAL | |
| Nombre de persona | Poza Lleida, Jose María de la |
| 245 ## - TÍTULO PROPIAMENTE DICHO | |
| Título | Estructura Industrial Turística |
| 260 ## - PIE DE IMPRENTA | |
| Lugar de publicación, distribución, etc. | España |
| 260 ## - PIE DE IMPRENTA | |
| Nombre del editor, distribuidor, etc. | Oikos-Tau |
| 260 ## - PIE DE IMPRENTA | |
| Fecha de publicación, distribución, etc. | 1993 |
| 300 ## - DESCRIPCIÓN FÍSICA | |
| Extensión | 109 páginas |
| 650 ## - Materia General | |
| Materia general | TIPOS DE TURISMO |
| 650 ## - Materia General | |
| Materia general | TURISMO RELIGIOSO |
| 650 ## - Materia General | |
| Materia general | TURISMO DEPORTIVO |
| 650 ## - Materia General | |
| Materia general | TURISMO CULTURAL |
| 942 ## - Punto de Acceso Adicional Koha | |
| Tipo de ítem Koha | Libro |
| Estado perdido | Estado dañado | No para préstamo | Biblioteca permanente | Biblioteca actual | Signatura completa | Código de barras | Precio efectivo a partir del | Tipo de ítem |
|---|---|---|---|---|---|---|---|---|
| Departamento de Biblioteca y Documentación Alfonso Chase Brenes | Departamento de Biblioteca y Documentación Alfonso Chase Brenes | 1.0.54 P893o | 4315 | 14/02/2017 | Libro |